Best NBA Players From Each Age (Current) - Statistics

General Stats
  • This quiz has been taken 101 times
    99 since last reset
  • The average score is 19 of 23
Answer Stats
Hint Answer % Correct
Warriors - 37 Stephen Curry
98%
Spurs - 21 Victor Wembanyama
98%
Lakers - 40 LeBron James
96%
Mavericks - 18 Cooper Flagg
95%
Celtics - 27 Jayson Tatum
94%
Nuggets - 30 Nikola Jokic
94%
Timberwolves - 24 Anthony Edwards
93%
Lakers - 26 Luka Doncic
93%
Suns - 28 Devin Booker
92%
76ers - 31 Joel Embiid
92%
Pacers - 25 Tyrese Haliburton
92%
Clippers - 36 James Harden
88%
Clippers - 34 Kawhi Leonard
88%
Magic - 22 Paolo Banchero
87%
Mavericks - 32 Anthony Davis
84%
Trail Blazers - 35 Damian Lillard
83%
Mavericks - 33 Kyrie Irving
83%
Spurs - 20 Stephon Castle
82%
Thunder - 23 Chet Holmgren
78%
Spurs - 19 Dylan Harper
70%
Warriors - 39 Al Horford
57%
Timberwolves - 38 Mike Conley
54%
Cavaliers - 29 Donovan Mitchell
49%
No matching quizzes found
Score Distribution
Percent of People with Each Score
Percentile by Number Answered
Your Score History
You have not taken this quiz since the last reset